Biggest stadium of every European country - Statistics

General Stats
  • This quiz has been taken 23 times
  • The average score is 7 of 34
Answer Stats
Capacity City/Country Answer % Correct
90,000 London, ENGLAND Wembley Stadium
95%
99,354 Barcelona, SPAIN Camp Nou
81%
80,018 Milan, ITALY San Siro
62%
81,338 Paris, FRANCE Stade de France
57%
81,365 Dortmund, GERMANY Signal Iduna Park
52%
76,145 Istanbul, TURKEY Ataturk Olympic Stadium
38%
55,500 Amsterdam, NETHERLANDS Johan Cruyff Arena
38%
67,215 Budapest, HUNGARY Puskas Arena
33%
53,008 Vienna, AUSTRIA Ernst Happel Stadion
29%
64,642 Lisbon, PORUTGAL Estadio da Luz
29%
74,500 Cardiff, WALES Millenium Stadium
29%
38,512 Basel, SWITZERLAND St. Jakob-Park
24%
82,000 Dublin, IRELAND Croke Park
19%
54,329 Stockholm, SWEDEN Friends Arena
19%
81,000 Moscow, RUSSIA Luzhniki Stadium
19%
75,000 Athens, GREECE Athens Olympic Stadium
14%
68,700 Baku, AZERBAIJAN Baku Olympic Stadium
14%
37,168 Zagreb, CROATIA Maksimir Stadium
14%
38,065 Copenhagen, DENMARK Parken
14%
40,600 Helsinki, FINLAND Helsinki Olympic Stadium
10%
55,634 Bucharest, ROMANIA Arena Nationala
5%
30,244 Nur-Sultan, KAZAKHSTAN Astana Arena
5%
58,580 Warsaw, POLAND Stadion Narodowy
5%
55,000 Sofia, BULGARIA Vasil Levski National Stadium
5%
34,500 Sarajevo, BOSNIA & HERZEGOVINA Asim Ferhatovic Hase Stadium
0%
54,549 Tbilisi, GEORGIA Boris Paichadze Dinamo Arena
0%
67,144 Edinburgh, SCOTLAND BT Murryfield
0%
32,000 Belfast, NORTHERN IRELAND Casement Park
0%
54,208 Yerevan, ARMENIA Hrazdan Stadium
0%
50,093 Brussels, BELGIUM King Baudouin Stadium
0%
70,050 Kiev, UKRAINE NSC Olimpiyskiy
0%
55,538 Belgrade, SERBIA Stadium Rajko Mitic
0%
36,460 Skopje, NORTH MACEDONIA Tose Proeski Arena
0%
28,000 Oslo, NORWAY Ullevaal Stadion
0%
No matching quizzes found
Score Distribution
Percent of People with Each Score
Percentile by Number Answered
Your Score History
You have not taken this quiz